Countries Featured in Call of Duty Games - Statistics

General Stats
  • This quiz has been taken 22 times
  • The average score is 36 of 62
Answers on the Map
Answers color-coded by a green-red scale on the quiz's map according to % correct below.
 
Answer Stats
Country Game(s) % Correct
United States Various
100%
France Various
94%
Germany Various
94%
Russia Various
94%
United Kingdom Various
94%
Afghanistan Various
88%
Brazil Various
88%
Iraq Various
88%
China Various
81%
Greece Advanced Warfare
81%
Iran Various
81%
Japan Various
81%
Mexico Various
81%
Poland Various
81%
Turkey Black Ops: Cold War
81%
Ukraine Call of Duty 4
81%
Vietnam Black Ops Series
81%
Argentina Ghosts
75%
India Various
75%
Italy Various
75%
Austria Various
69%
Egypt Various
69%
Laos Black Ops 1
69%
Netherlands Various
69%
Pakistan Various
69%
Spain Black Ops 4, MW2 (2021)
69%
Belgium Various
63%
Cuba Black Ops Series
63%
Czechia Modern Warfare 3 (2011)
63%
North Korea Advanced Warfare
63%
Saudi Arabia Call of Duty 4
63%
Somalia Modern Warfare 3 (2011)
63%
South Korea Advanced Warfare
63%
United Arab Emirates Modern Warfare 3 (2011)
63%
Chile Ghosts
56%
Kazakhstan Black Ops 1
56%
Azerbaijan Call of Duty 4
50%
Bulgaria Advanced Warfare, BO6
50%
Norway Various
50%
Switzerland Black Ops 3, Infinite Warfare
50%
Venezuela Ghosts
50%
Yemen Black Ops 2, 3
50%
Georgia MW2 (2009), MW (2019)
44%
Kuwait Black Ops 6
44%
Libya Call of Duty 2, Vanguard
44%
Myanmar Black Ops 2
44%
Nigeria Advanced Warfare
44%
Thailand Advanced Warfare
44%
Uzbekistan Black Ops 1
44%
Panama Black Ops 2, Ghosts
38%
Ethiopia Black Ops 3
31%
Iceland Black Ops Series
31%
Luxembourg WW2
31%
Nicaragua Black Ops Series
31%
Singapore Black Ops 2, 3
25%
Angola Black Ops 2, 3
19%
Sierra Leone Modern Warfare 3 (2011)
19%
Tunisia Call of Duty 2
19%
Moldova Modern Warfare (2019)
13%
Palau World at War
13%
Papua New Guinea Vanguard
6%
Antarctica* Various
0%
No matching quizzes found
Score Distribution
Percent of People with Each Score
Percentile by Number Answered
Your Score History
You have not taken this quiz